Sports Quiz

Random Sports or NCAA Quiz

Big Ten Sponsored Sports Quiz Stats

 Plays Quiz not verified by Sporcle

Challenge
Share
Tweet
Embed
Score 0/28 Timer 05:00
0 Plays Today
Number of Participating Schools Sport Name % Correct
14Football
99.8%
14Basketball (Men's)
98.6%
14Basketball (Women's)
98.6%
13Baseball
95.4%
6Ice Hockey (Men's)
93.4%
13Outdoor Track (Men's)
92%
13Indoor Track (Women's)
92%
13Outdoor Track (Women's)
92%
12Indoor Track (Men's)
92%
14Soccer (Women's)
90.2%
9Soccer (Men's)
90.2%
10Swimming (Men's)
84.8%
13Swimming (Women's)
84.7%
14Softball
83.7%
Number of Participating Schools Sport Name % Correct
6* (starting 2014-2015)Lacrosse (Men's)
82.3%
6* (starting 2014-2015)Lacrosse (Women's)
82.3%
14Volleyball (Women's)
81.3%
12Tennis (Men's)
77.5%
14Tennis (Women's)
77.3%
14Wrestling
76.9%
14Golf (Men's)
69.7%
14Golf (Women's)
69.7%
9Field Hockey
68.1%
14Cross Country (Women's)
65%
12Cross Country (Men's)
65%
10Gymnastics (Women's)
61.3%
7Gymnastics (Men's)
61.3%
8Rowing (Women's)
48.7%

You're not logged in!

Compare scores with friends on all Sporcle quizzes.
OR
Log In

You Might Also Like...

Show Comments

Extras

Top Quizzes Today


Score Distribution

Your Account Isn't Verified!

In order to create a playlist on Sporcle, you need to verify the email address you used during registration. Go to your Sporcle Settings to finish the process.

Report this User

Report this user for behavior that violates our Community Guidelines.

Details: